Every NFL RB Stat Leaders in 2021 - Statistics

General Stats
  • This quiz has been taken 39 times
  • The average score is 16 of 26
Answer Stats
Stat Hint Answer % Correct
Completions 1 completion Derrick Henry
100%
Pass attempts 1 attempt Derrick Henry
100%
Rushing yards per game 117.1 yards per game Derrick Henry
97%
Passing yards 5 yards Derrick Henry
97%
Passing touchdowns 1 touchdown Derrick Henry
97%
Touchdown percentage 100 Derrick Henry
97%
Passing first downs 1 first down Derrick Henry
97%
Longest pass 5 yards Derrick Henry
97%
Rushing attempts 332 attempts Jonathan Taylor
92%
Rushing yards 1,811 yards Jonathan Taylor
92%
Rushing touchdowns 18 touchdowns Jonathan Taylor
92%
Rushing first downs 107 first downs Jonathan Taylor
92%
Longest run 83 yards Jonathan Taylor
92%
Longest catch 76 yards Jonathan Taylor
92%
Catches per game 4.9 catches per game Leonard Fournette
59%
Yards per target 9.6 yards per target James Conner
54%
Receptions (catches) 74 catches Najee Harris
54%
Interception 1 interception David Montgomery
24%
Receiving yards 647 yards Austin Ekeler
5%
Receiving touchdowns 8 touchdowns Austin Ekeler
5%
Receiving first downs 31 first downs Austin Ekeler
5%
Receiving yards per game 40.4 yards per game Austin Ekeler
5%
Yards per carry 6.3 yards per carry Rashaad Penny
5%
Rushing Fumbles 6 fumbles Antonio Gibson
3%
Receiving fumbles 6 fumbles Antonio Gibson
3%
Yards per catch 10.9 yards per catch Ty Johnson
0%
No matching quizzes found
Score Distribution
Percent of People with Each Score
Percentile by Number Answered
Your Score History
You have not taken this quiz